The student writer : editor and critic /

Guardat en:
Dades bibliogràfiques
Autor principal: Clouse, Barbara Fine
Format: Llibre
Idioma:English
Publicat: New York : McGraw-Hill Higher Education, 2010.
Edició:8th ed.
Matèries:
Etiquetes: Afegir etiqueta
Sense etiquetes, Sigues el primer a etiquetar aquest registre!
Thư viện lưu trữ: Mạng thư viện Đại học Đà Nẵng
LEADER 01223cam a22003611a 4500
001 000033647
003 9833
005 20250820084756.0
008 151016s2010 000 eng
020 |a 0073383805 (alk. paper)  |a 9780073383804 (pbk. : alk. paper) 
041 0 |a eng 
082 0 0 |a 808.042  |b CL-B 
100 1 |a Clouse, Barbara Fine 
245 1 4 |a The student writer :  |b editor and critic /  |c Barbara Fine Clouse. 
250 |a 8th ed. 
260 |a New York :  |b McGraw-Hill Higher Education,  |c 2010. 
300 |a xxxviii, 682 p. :  |b ill. (some col.) ;  |c 24 cm. 
500 |a Includes index 
650 0 4 |a English language  |x Rhetoric 
650 0 4 |a Report writing 
650 0 4 |a Criticism 
650 0 4 |a Editing 
653 |a Tiếng Anh 
700 1 |q (Louis Dorrance) 
OWN |a LNN 
AVA |a UDN50  |b LNN  |c English  |d 420.8 CL-B  |e available  |t Error 5001 Not defined in file expand_doc_bib_avail.  |f 1  |g 0  |h N  |i 0  |j AN  |k 1 
999 |a From the UDN01 
AVA |a UDN50  |b LNN  |c English  |d 420.8 CL-B  |e available  |t Error 5001 Not defined in file expand_doc_bib_avail.  |f 1  |g 0  |h N  |i 0  |j AN  |k 1 
TYP |a Monograph 
980 |a Mạng thư viện Đại học Đà Nẵng